Rocky Horror Picture Show Trivia - Statistics

General Stats
  • This quiz has been taken 836 times
  • The average score is 15 of 19
Answer Stats
Hint Answer % Correct
Who portrayed Frank N' Furter? Tim Curry
95%
Who is Frank's maid? Magenta
92%
Whose lips are shown at the beginning of the film? Magenta
92%
What is the name of Frank's creation? Rocky
92%
"But it's the pelvic thrust, that really drives you insane." Time Warp
90%
Who is Columbia's ex-lover? Eddie
89%
What color is Janet's room when Frank enters posing as Brad? Red
87%
What character did the above person portray? Riff Raff
87%
What color is Brad's room when Frank enters posing as Janet? Blue
86%
How many days does Frank say he can make a man in? Seven
85%
"Thrill me, chill me, fullfil me" is from what song? Touch-A, Touch-A, Touch-A, Touch Me
82%
Who is the first person to be turned to stone? Brad
81%
"But by night, I'm one hell of a lover." Sweet Transvestite
81%
Who is the above person's uncle? Dr. Scott
75%
Finally, what planet are Riff Raff and Magenta planning to return to at the end of the film? Transylvania/Transexual
74%
Who portrayed Janet Weiss? Susan Sarandon
73%
What nationality is he? German
72%
Who directed and wrote the script? Richard O'Brien
70%
Whose 'seal of approval' does Frank's creation carry? Charles Atlas
43%
No matching quizzes found
Score Distribution
Percent of People with Each Score
Percentile by Number Answered
Your Score History
You have not taken this quiz